| 000 | 00789nam a22002297a 4500 | ||
|---|---|---|---|
| 003 | OSt | ||
| 005 | 20210618152949.0 | ||
| 008 | 161123b xxu||||| |||| 00| 0 eng d | ||
| 020 | _a0198269005-1998 | 0198299141-1999 | 0199246920-2000 | 019925401X-2001 | 0199267855-2003 | 0199284938-2004 0199202761-2005 | 9780199238989-2006 | 9780199547401-2007 | | ||
| 040 | _cLC | ||
| 050 | _aKZ21.B7 | ||
| 245 |
_aThe British year book of international law. / _cedited by Ian Brownlie and James Crawford. |
||
| 260 |
_aLondon: _bOxford University Press, _c1999-. |
||
| 300 | _axii, 728p. : | ||
| 440 | _pBritish year book. | ||
| 500 | _aIncludes index. | ||
| 653 | _aInternational law | ||
| 700 | _qIan Brownlie | ||
| 700 | _qCrawford, James | ||
| 800 | _aBrownlie, Ian. | ||
| 942 |
_2lcc _cBK |
||
| 999 |
_c7657 _d15157 |
||